| 000 | 00907cam a2200217 4500 | ||
|---|---|---|---|
| 001 | ABS66942 | ||
| 008 | 030811n2003 000 0 eng u | ||
| 035 | _a(Sirsi) u123258 | ||
| 100 | _aMcDonough, S. | ||
| 245 | _aHomebuyers Survey and Valuation ₁ Market Value or Open Market Value? | ||
| 260 | _c2003 | ||
| 490 |
_aRICS Feature _v7 July 2003 (2) |
||
| 520 | _aFeature by Samantha McDonough of RICS Professional Information considering the definitions of 'Market Value' and 'Open Market Value' in relation to the Homebuyer Survey and Valuation. | ||
| 590 | _aABS | ||
| 650 | _aBUILDING SURVEYS | ||
| 650 | _aRICS HOMEBUYER SURVEY AND VALUATION | ||
| 650 | _aRESIDENTIAL SURVEYS | ||
| 690 | _aVALUATION AND INVESTMENT APPRAISAL-HOMEBUYER SURVEY AND VALUATION | ||
| 856 |
_uhttps://www.rics.org/RICSWEB/getpage.aspx?p=8zQIe3YKq0ys7B9YLYcoAw _vView the feature on the RICS website |
||
| 942 | _n0 | ||
| 999 |
_c73210 _d73210 |
||